Mathematics and statistics for life scientists
Saved in:
| Main Author: | |
|---|---|
| Format: | Book |
| Language: | English |
| Published: |
New York :
Taylor & Francis,
2005
|
| Series: | BIOS instant notes
|
| Subjects: | |
| Tags: |
Add Tag
No Tags, Be the first to tag this record!
|
MARC
| LEADER | 00000nam a2200000 i 4500 | ||
|---|---|---|---|
| 001 | 1/90539 | ||
| 008 | 080704s2005 eng d | ||
| 020 | |a 1-8599-6292-0 | ||
| 035 | |l 10098730 | ||
| 040 | |a GR-MY-UA |b gre |e aacr | ||
| 041 | 0 | |a eng | |
| 082 | 0 | |a 510 |2 (22) | |
| 100 | 1 | |a Mackenzie, A. |q (Aulay) | |
| 245 | 1 | 0 | |a Mathematics and statistics for life scientists / |c Aulay Mackenzie |
| 260 | |a New York : |b Taylor & Francis, |c 2005 | ||
| 300 | |a vi, 175 σ.; |b εικ.; |c 25 εκ. | ||
| 490 | 1 | |a BIOS instant notes | |
| 650 | 0 | 0 | |a Mathematics |v Textbooks. |
| 650 | 0 | 0 | |a Life sciences |x Mathematics |x Textbooks. |
| 650 | 0 | 0 | |a Life sciences |x Statistical methods |x Textbooks. |
| 830 | 0 | |a BIOS instant notes | |
| 852 | |a INST |b LESVOS |e 20080704 |h 510 MAC |p 005100041720 |q 005100041720 |t BK |y 0 | ||
| 901 | |a BIBL1-2008-2 | ||
| 909 | |a Λ |b 143221 | ||
| 922 | |a 1ΕΛΗ |b 200712 |c ΕΠΕΑΕΚ2/ΤΓ |d ΠΑΠΑΣΩΤΗΡΙΟΥ | ||
| 970 | |a ΚΑΡΑ |b ΓΙΑΣΕΜΗ |z 2008/07/04 | ||